LDR 00819nam a2200193 i 4500 001 000000016929 003 CaOOAMICUS 005 20260527143758.0 008 180830s1969 it u000 u ita u 040 $aSeMil$bita 245 10$a[13]: L'età contemporanea /$cJean Baptiste Duroselle. 300 $a2 v. 650 4$aStoria - Sec. 20.$0(OLS)http://semarc/subject/2230 700 1 $aDuroselle, Jean Baptiste.$0(OLS)http://semarc/name/7773 773 0 $tNuova storia universale dei popoli e delle civiltà.$dTorino : Unione Tipografico-Editrice Torinese, 1969-1986.$w()16922 774 0 $t1: Le due Guerre mondiali (1914-1945).$w()156254 774 0 $t2: Dalla Guerra fredda alla coesistenza (1945-1970).$w()156255 996 $6245$a[13]: L'età contemporanea$9(OLS)http://semarc/title/459941